Le sport en A - Statistiques

Statistiques générales
  • Ce quiz a été pris 829 fois
  • Le résultat moyen est 10 sur 15
Statistiques - réponses
Indice Réponse % Correct
Discipline comptant le plus d'épreuves aux Jeux Olympiques Athlétisme
93%
La marque aux trois bandes Adidas
92%
Pays hôte du premier tournoi du Grand Chelem de l'année au tennis Australie
84%
Ville où se sont déroulée les Jeux Olympiques de 2004 Athènes
83%
Aux Jeux Olympiques, nom donné au patinage qui ne constitue pas une course Artistique
82%
Équipe de soccer madrilène finaliste en Ligue des Champions en 1974, 2014 et 2016 Atlético
77%
Braves, Falcons, Hawks Atlanta
71%
Prénom d'un ancien pilote de Formule 1 brésilien Ayrton
69%
Sport olympique pouvant être pratiqué seul, à deux, à quatre ou à huit. Aviron
66%
Nom de famille du boxeur médaillé d'or en 1960 dans la catégorie des mi-lourds Ali
64%
Nation constitutive ayant remporté la Coupe du Monde masculine en 1966 Angleterre
64%
Capitale d'un pays et nom d'une équipe cycliste provenant de ce même pays Astana
61%
État où les Coyotes jouent leurs parties locales dans la LNH Arizona
49%
Ville hôte du premier tournoi du Grand Chelem de l'année au golf Augusta
13%
Ils remportent leur premier titre lors de la Série mondiale de 2017(équipe) Astros
5%
Aucun quiz correspondant
Distribution des résultats
% des personnes avec chaque résultat
Percentile par nombre de réponses
Votre historique - résultats
Vous n’avez pas pris ce quiz